Record Details

The First Man

Albert Camus  (Author).

Record details

  • ISBN: 9780141185231
  • Physical Description: paperback
  • Publisher: London PENGUIN CLASSICS 2001
Subject: Algeria

Available copies

  • 1 of 1 copy available at Headquarters.
Location Call Number / Copy Notes Barcode Shelving Location Status Due Date
Dansoman Library 201 FIC/CAM 000000943659 Adult Fiction Available -

No reviews or recommendations are currently available.

Loading shelf browser…

LDR 00620cam a2200205Ka 4500
00175705
003HQ
00520201106122957.0
008070101s xxk er 1 eng d
020 . ‡a9780141185231
037 . ‡aBook Aid
082 . ‡aFIC/CAM
100 . ‡aAlbert Camus 
245 . ‡aThe First Man
260 . ‡aLondon ‡bPENGUIN CLASSICS ‡c2001
300 . ‡apaperback
650 . ‡aAlgeria
901 . ‡a75705 ‡bAUTOGEN ‡c75705 ‡tbiblio

Session Timeout

Your session will expire in minutes and seconds.

If you need more time, please click "Continue Session."

Session Ended

Your session has ended. Redirecting to the home page...